Hantu rumah besar

Bibliographic Details
Main Author: Zulaikha
Corporate Author: Title
Format: Book
Published: Kuala Lumpur : Penerbitan Fargoes , 2000
Series:Siri Salma
Subjects:

MARC

LEADER 00000cam a2200000 7i4500
001 0000075665
005 20171003.0
008 171003
020 |a 9831510593 
090 0 0 |a AD   |b MAL 
100 1 |a Zulaikha 
245 1 0 |a Hantu rumah besar   |c Zulaikha 
260 |a Kuala Lumpur :   |b Penerbitan Fargoes ,   |c 2000 
490 1 |a Siri Salma 
500 |a Children ages 7-9 years old (orange) 
650 0 |a Detective and mystery stories, Malay 
650 0 |a Malay fiction 
710 0 |a Title 
999 |a 0000777910   |b Book   |c Children Collection   |e Cawangan Pontian 
999 |a 0000777911   |b Book   |c Children Collection   |e Cawangan Pontian 
999 |a 0000777913   |b Book   |c Children Collection   |e Cawangan Pontian 
999 |a 0000792686   |b Book   |c Children Collection   |e Cawangan Segamat 
999 |a 0000857433   |b Book   |c Children Collection   |e Cawangan Mersing 
999 |a 0000867485   |b Book   |c Children Collection   |e Cawangan Segamat 
999 |a 0000867486   |b Book   |c Children Collection   |e Cawangan Segamat